00365nam a2200157Ia 45000010006000000050017000060080041000230410008000640820018000721000030000902450034001202600009001543000028001636500008001916540008001991307720260306163027.0260306t2001||||xx |||||||||||||| ||spa|| aESP aRD 808.882bA aOrtega Blake, ArturoeAUT 0aAntología de frases latinas c2001 a309 páginas :c23 cm. aGEN aCHU